Deutsche Youtuber an Musik Videos erkennen #1 - Statistiken

Allgemein
  • Dieses Quiz wurde 464 mal gespielt
  • Das Durchschnittsergebnis liegt bei 6 aus 10
Antwortstatistiken
Video Youtuber % Korrekt
How it is ( wap bap ... ) [Official Video] BibisBeautyPalace
91%
Photoshop feat KsFreak & Krappi (Official Video) ApoRed
84%
SEX TAPE (Official Music Video) Katja Krasavice
81%
Alge (Official Music Video) - prod. Dasmo & Mania Music Knossi
80%
Sandra - Mathe ist ein Arsch (Official Music Video) Freshtorge
74%
Copacabana 🌴☀️ (Official Video) Leon Machère
63%
Everyday Saturday (Parodie) Julien Bam
57%
DICKE KLIPPEN (Offizielles Musikvideo) HeyMoritz
49%
BIS ZU IHR (Official Music Video) Papaplatte
47%
Red Circle (Official Video) Avive & Danergy
12%
Keine übereinstimmenden Quizze gefunden
Verteilung der Resultate
Anzahl Personen mit jedem Resultat
Perzentil nach korrekt beantworteten Fragen
Ihre Resultats-Entwicklung
Sie haben dieses Quiz noch nicht gespielt